| 000 | 01765nam0a2200325 i 4500 | ||
|---|---|---|---|
| 001 | RU\NLR\bibl\2023150 | ||
| 005 | 20260407120000.0 | ||
| 010 |
_a9785781010066 _9100 |
||
| 021 |
_aRU _b2013-23112 _91613 |
||
| 035 | _a(NLR Aleph) 002011312 | ||
| 090 |
_a4459441 _c4459441 |
||
| 100 | _a20130412d2012 u||y0rusy50 ca | ||
| 101 | 0 | _arus | |
| 102 | _aRU | ||
| 105 | _ay j||||00yy | ||
| 200 | 1 |
_aПатофизиология наследственности _eучебное пособие _fМ-во образования и науки Рос. Федерации, Федер. гос. бюдж. образоват. учреждение высш. проф. образования "Хакас. гос. ун-т им. Н.Ф. Катанова" _g[Агеева Е.С. и др.] |
|
| 210 |
_aАбакан _cФГБОУ ВПО "Хакасский государственный университет" _d2012 |
||
| 215 |
_a143 с. _d20 |
||
| 606 | 1 |
_aНаследственные болезни _jУчебные издания _xГенная диагностика _92405869 _3RU\NLR\AUTH\661433811 |
|
| 606 |
_aНаследственность _jУчебные издания _xГенетические исследования _92166235 _3RU\NLR\AUTH\661303380 |
||
| 686 | 1 | _aР252.215я7 | |
| 686 | 1 | _aР41,4-4я7 | |
| 702 | 1 |
_4220 _8rus _7ca _aАгеева _bЕ. С. _cканд. хим. наук _gЕлена Сергеевна _3RU\NLR\AUTH\77110419 _993344 |
|
| 712 | 0 | 2 |
_4570 _aХакасский государственный университет им. Н. Ф. Катанова _cАбакан _3RU\NLR\AUTH\889950109 _9395994 |
| 801 | 0 |
_aRU _bNLR _c20130412 _gRCR |
|
| 801 | 1 |
_aRU _bNLR _c20130412 |
|
| 942 | _cBOOK | ||
| 980 | _aNBR | ||